Guess the random Taylor Swift Song Lyrics 141 - Statistics

General Stats
  • This quiz has been taken 13 times
  • The average score is 166 of 236
Answer Stats
Answer % Correct
a
100%
D
100%
G
100%
I
100%
me
100%
Y
100%
you
100%
And
92%
and
92%
He
92%
hear
92%
in
92%
my
92%
My
92%
N
92%
one
92%
One
92%
so
92%
this
92%
We
92%
we
92%
as
83%
can
83%
go
83%
it
83%
It's
83%
of
83%
oh
83%
The
83%
the
83%
to
83%
was
83%
were
83%
who
83%
all
75%
are
75%
But
75%
don't
75%
end
75%
him
75%
know
75%
like
75%
Our
75%
our
75%
Say
75%
she
75%
that
75%
Then
75%
then
75%
with
75%
again
67%
at
67%
blind
67%
conduct
67%
could
67%
death
67%
did
67%
empathetic
67%
feeling
67%
friends
67%
happenin'
67%
house
67%
How
67%
leaving
67%
Leaving
67%
Lost
67%
lost
67%
mortem
67%
no
67%
not
67%
once
67%
post
67%
right
67%
Soon
67%
their
67%
they
67%
They
67%
what
67%
became
58%
beloved
58%
breathing
58%
called
58%
can't
58%
'cause
58%
chance
58%
chances
58%
circles
58%
circumstances
58%
Come
58%
come
58%
cure
58%
dances
58%
descends
58%
Didn't
58%
different
58%
except
58%
Except
58%
flower
58%
game
58%
ghost
58%
Guess
58%
hereby
58%
home
58%
hot
58%
husbands
58%
into
58%
learn
58%
must
58%
off
58%
ran
58%
rattle
58%
Sitting
58%
soul
58%
steps
58%
such
58%
tell
58%
them
58%
they'll
58%
tree
58%
trust
58%
We'll
58%
calling
50%
cousins
50%
dreaming
50%
gasp
50%
hunger
50%
pretend
50%
reeling
50%
shops
50%
Silenced
50%
Smug
50%
still
50%
touch
50%
understand
50%
Walking
50%
bereft
42%
birthright
42%
deflation
42%
fell
42%
feverishly
42%
foreign
42%
glances
42%
happening
42%
maladies
42%
outdoorsman
42%
victim
42%
interlopers'
25%
(ohh)
25%
uh
25%
unforeseen
25%
No matching quizzes found
Score Distribution
Percent of People with Each Score
Percentile by Number Answered
Your Score History
You have not taken this quiz